Deutsche Skispringer, die den Weltcup-Wettbewerb gewonnen haben - Statistiken

Allgemein
  • Dieses Quiz wurde 138 mal gespielt
  • Das Durchschnittsergebnis liegt bei 10 aus 24
Antwortstatistiken
# Anzahl der Siege Skispringer % Korrekt
4. 18 Sven Hannawald
95%
2. 28 Martin Schmitt
81%
3. 22 Severin Freund
81%
7. 8 Andreas Wellinger
79%
1. 33 Jens Weißflog
77%
5. 15 Karl Geiger
77%
9. 6 Pius Paschke
74%
10. 3 Markus Eisenbichler
73%
7. 8 Richard Freitag
70%
15. 1 Holger Freitag
69%
6. 12 Dieter Thoma
57%
15. 1 Stephan Leyhe
44%
11. 2 Michael Uhrmann
38%
15. 1 Christof Duffner
24%
15. 1 Stephan Hocke
15%
15. 1 Andreas Bauer
13%
15. 1 Gerd Siegmund
11%
15. 1 Jochen Danneberg
7%
11. 2 André Kiesewetter
6%
15. 1 Ralf Gebstedt
6%
15. 1 Manfred Deckert
4%
11. 2 Klaus Ostwald
3%
15. 1 Martin Weber
2%
11. 2 Ulf Findeisen
2%
Keine übereinstimmenden Quizze gefunden
Verteilung der Resultate
Anzahl Personen mit jedem Resultat
Perzentil nach korrekt beantworteten Fragen
Ihre Resultats-Entwicklung
Sie haben dieses Quiz noch nicht gespielt